| 000 | 00528nam a22001817a 4500 | ||
|---|---|---|---|
| 003 | NUST | ||
| 005 | 20260209090730.0 | ||
| 008 | 260209b ||||| |||| 00| 0 eng d | ||
| 020 | _a978-0748407750 | ||
| 082 | _a910.285 | ||
| 100 |
_aMolenaar, Martin. _9133122 |
||
| 245 |
_aAn Introduction to the Theory of Spatial Object Modelling for GIS _cMolenaar, Martin. |
||
| 250 | _a1st Edition | ||
| 260 |
_aCornwall: _bCRC Press, _c1998. |
||
| 300 |
_a200 p ; _c6.25 x 0.5 x 9.5 inches. |
||
| 563 | _aPapercover | ||
| 942 |
_2ddc _cBK |
||
| 999 |
_c616125 _d616125 |
||